| 000 | 00809pam a2200277 i 4500 | ||
|---|---|---|---|
| 001 | 017764323 | ||
| 003 | EG-ScBUE | ||
| 005 | 20260215093712.0 | ||
| 008 | 160118s2018 enk f 000 1 eng d | ||
| 020 | _a9781784161101 | ||
| 040 |
_aStDuBDS _beng _erda _cStDuBDS _dUk _dEG-ScBUE |
||
| 082 | 0 | 4 |
_a823.92 _222 _bHAW |
| 100 | 1 |
_aHawkins, Paula, _eauthor. |
|
| 245 | 1 | 4 |
_aThe girl on the train / _cPaula Hawkins. |
| 264 | 1 |
_aLondon : _bBlack Swan, _c2018. |
|
| 300 |
_a415 pages ; _c20 cm |
||
| 336 |
_atext _2rdacontent _btxt |
||
| 337 |
_aunmediated _2rdamedia _bn |
||
| 338 |
_avolume _2rdacarrier _bnc |
||
| 650 | 0 |
_2BUEsh _aRailroad travel _vFiction |
|
| 650 | 0 |
_2BUEsh _aCommuters _vFiction |
|
| 653 |
_cFebruary2026 _bHHUUEENN |
||
| 655 | _vReading book | ||
| 942 |
_2ddc _cBB |
||
| 999 |
_c31122 _d31093 |
||